Footballeurs avec 50 buts ou plus en Ligue Des Champions - Statistiques

Statistiques générales
  • Ce quiz a été pris 280 fois
  • Le résultat moyen est 5 sur 11
Answers on the Grid
Answers color-coded by a green-red scale on the quiz's grid according to % correct below.
Erling Haaland
Thomas Müller
Antoine Griezmann
Thierry Henry
Harry Kane
Karim Benzema
Robert Lewandowski
Sergio Agüero
Cristiano Ronaldo
Ruud Van Nistelrooy
Andriy Shevchenko
Vinicius Jr
Alfredo Di Stéfano
Eusébio
Filippo Inzaghi
Raul Gonzalez
Lionel Messi
Zlatan Ibrahimovic
Ousmane Dembélé
Didier Drogba
 
Statistiques - réponses
Réponse % Correct
Cristiano Ronaldo
74%
Lionel Messi
73%
Robert Lewandowski
69%
Karim Benzema
65%
Erling Haaland
38%
Raul Gonzalez
37%
Thierry Henry
34%
Thomas Müller
33%
Ruud Van Nistelrooy
29%
Andriy Shevchenko
20%
Filippo Inzaghi
10%
Aucun quiz correspondant
Distribution des résultats
% des personnes avec chaque résultat
Percentile par nombre de réponses
Votre historique - résultats
Vous n’avez pas pris ce quiz